Fundations of Nursing in the Community: (Record no. 10250)

000 -LEADER
fixed length control field 00559nam a22001697a 4500
008 - FIXED-LENGTH DATA ELEMENTS--GENERAL INFORMATION
fixed length control field 151203b xxu||||| |||| 00| 0 eng d
020 ## - INTERNATIONAL STANDARD BOOK NUMBER
International Standard Book Number 9780323100946
050 ## - LIBRARY OF CONGRESS CALL NUMBER
Classification number SPE RT 98 .S73 2014
100 ## - MAIN ENTRY--PERSONAL NAME
Personal name Stanhope, Marcia.
Dates associated with a name 2014.
245 ## - TITLE STATEMENT
Title Fundations of Nursing in the Community:
Remainder of title Community-Oriented Practice.
Statement of responsibility, etc. Marcia, Stanhope.
250 ## - EDITION STATEMENT
Edition statement 4th ed.
260 ## - PUBLICATION, DISTRIBUTION, ETC. (IMPRINT)
Place of publication, distribution, etc. USA:
Name of publisher, distributor, etc. Elsevier,
Date of publication, distribution, etc. 2014.
300 ## - PHYSICAL DESCRIPTION
Extent xiii, 678p.
Other physical details includes index,
650 ## - SUBJECT ADDED ENTRY--TOPICAL TERM
Topical term or geographic name as entry element nursing
700 ## - ADDED ENTRY--PERSONAL NAME
Personal name Lancaster, Jeanette.
942 ## - ADDED ENTRY ELEMENTS (KOHA)
Source of classification or shelving scheme
Koha item type Hard Covered Materials
Classification part SPE RT 98 .S73 2014
Holdings
Withdrawn status Lost status Source of classification or shelving scheme Damaged status Not for loan Home library Current library Date acquired Source of acquisition Total Checkouts Full call number Barcode Date last seen Price effective from Koha item type
          MACHAKOS UNIVERSITY LIBRARY MACHAKOS UNIVERSITY LIBRARY 03/12/2015 DONATION (BFA)   SPE RT 98 .S73 2014 20086 03/12/2015 03/12/2015 Hard Covered Materials
© Machakos University Library, Along The Highway, Machakos Wote Rd, Machakos, Kenya P.O. Box 136 - 90100 Machakos - Kenya

Tel: ( +254 ) 723 805829 OR Fax : 044-20353 OR Email: library@mksu.ac.ke